[Event "ISR-chT"]
[Site "Israel"]
[Date "2024.02.09"]
[Round "5.31"]
[White "Rechlis, Gad"]
[Black "Motylev, Alexander"]
[Result "1/2-1/2"]
[WhiteElo "2470"]
[BlackElo "2615"]
[PlyCount "68"]
[EventDate "2024.01.10"]
[EventType "team-tourn"]
[EventRounds "11"]
[EventCountry "ISR"]
[SourceTitle "CB09_2024"]
[SourceDate "2024.02.28"]
[SourceVersion "1"]
[SourceVersionDate "2024.02.28"]
[SourceQuality "1"]
[WhiteTeam "Herzliya CC"]
[BlackTeam "Rishon Le iZion II"]
[WhiteTeamCountry "ISR"]
[BlackTeamCountry "ISR"]

1. Nf3 Nf6 2. g3 b5 3. d3 Bb7 4. e4 c5 5. Bg2 Nc6 6. 0-0 d6 7. Nc3 a6 8. a4 b4 9. Nd5 Nd7 10. d4 Rb8 11. Re1 e6 12. Bg5 f6 13. Nf4 Qe7 14. Nxe6 fxg5 15. e5 dxe5 16. Nc7+ Kd8 17. Nd5 Qe6 18. Nxg5 Qg6 19. h4 h6 20. Be4 Qe8 21. Nf3 Nxd4 22. c3 Nxf3+ 23. Qxf3 Bxd5 24. Bxd5 Bd6 25. Rad1 Rf8 26. Qd3 Rf6 27. Qxa6 Nb6 28. Bb7 Kc7 29. Bg2 Qxa4 30. Qe2 bxc3 31. bxc3 Qc4 32. Qd2 Qe6 33. Ra1 Nc8 34. f4 Rf8 1/2-1/2

[Event "ISR-chT"]
[Site "Israel"]
[Date "2021.06.25"]
[Round "11.5"]
[White "Rechlis, Gad"]
[Black "Postny, Evgeny"]
[Result "1/2-1/2"]
[WhiteElo "2484"]
[BlackElo "2583"]
[PlyCount "123"]
[EventDate "2021.04.22"]
[EventType "team-tourn"]
[EventRounds "11"]
[EventCountry "ISR"]
[SourceTitle "EXT 2022"]
[Source "ChessBase"]
[SourceDate "2021.10.06"]
[SourceVersion "1"]
[SourceVersionDate "2021.10.06"]
[SourceQuality "1"]
[WhiteTeam "Petah Tikva Hapoel"]
[BlackTeam "Beer Sheva Eliahu Levant"]
[WhiteTeamCountry "ISR"]
[BlackTeamCountry "ISR"]

1. Nf3 d5 2. g3 Nd7 3. d4 Nb6 4. Bg2 Bf5 5. 0-0 e6 6. Nc3 Nf6 7. Nh4 Bg4 8. Qd3 Be7 9. e4 c6 10. Nf3 dxe4 11. Nxe4 Bf5 12. Nxf6+ Bxf6 13. Qe2 0-0 14. Rd1 h6 15. c4 Nd7 16. Ne5 Be7 17. Bf4 Nxe5 18. Bxe5 Re8 19. Qf3 Bc2 20. Rd2 Bg6 21. h4 Qa5 22. Re2 Rad8 23. a3 f6 24. Bf4 Rxd4 25. Rxe6 Bf7 26. Re3 g5 27. hxg5 hxg5 28. Rae1 gxf4 29. Rxe7 Qxe1+ 30. Rxe1 Rxe1+ 31. Kh2 Rxc4 32. Qg4+ Kf8 33. Qc8+ Re8 34. Qxb7 fxg3+ 35. Kxg3 Re5 36. f4 Re3+ 37. Kf2 Re7 38. Qb8+ Kg7 39. Bf3 a5 40. Kg3 Rd4 41. Bxc6 Re3+ 42. Kf2 Rb3 43. Qa7 Rd2+ 44. Ke1 Rbxb2 45. Qg1+ Bg6 46. Qa7+ Kh6 47. Qe7 Rh2 48. Qf8+ Kh7 49. Qe7+ Kh6 50. Qf8+ Kh5 51. Bf3+ Kh4 52. Qxf6+ Kg3 53. Qxg6+ Kxf3 54. Qd3+ Kg4 55. Qd7+ Kg3 56. Qd3+ Kg4 57. Qd7+ Kxf4 58. Qd4+ Kf3 59. Qd3+ Kf4 60. Qd4+ Kf5 61. Qd5+ Kf6 62. Qd6+ 1/2-1/2

[Event "ISR-chT"]
[Site "Israel"]
[Date "2021.05.08"]
[Round "6.5"]
[White "Erenberg, Ariel"]
[Black "Rechlis, Gad"]
[Result "1-0"]
[WhiteElo "2494"]
[BlackElo "2484"]
[PlyCount "47"]
[EventDate "2021.04.22"]
[EventType "team-tourn"]
[EventRounds "11"]
[EventCountry "ISR"]
[SourceTitle "EXT 2022"]
[Source "ChessBase"]
[SourceDate "2021.10.06"]
[SourceVersion "1"]
[SourceVersionDate "2021.10.06"]
[SourceQuality "1"]
[WhiteTeam "Kfar Saba Hapoel"]
[BlackTeam "Petah Tikva Hapoel"]
[WhiteTeamCountry "ISR"]
[BlackTeamCountry "ISR"]

1. d4 Nf6 2. c4 g6 3. Nc3 Bg7 4. e4 d6 5. Be2 0-0 6. Be3 Nc6 7. d5 Ne5 8. f4 Ned7 9. g4 c6 10. g5 Ne8 11. Nf3 Qa5 12. Qd2 Nc5 13. Nd4 Bxd4 14. Bxd4 Nb3 15. axb3 Qxa1+ 16. Nd1 cxd5 17. cxd5 f5 18. Bc3 Ng7 19. h4 fxe4 20. h5 Nf5 21. hxg6 hxg6 22. Bb5 e5 23. dxe6 Bxe6 24. Qh2 1-0

[Event "ISR-chT"]
[Site "Israel"]
[Date "2021.04.23"]
[Round "2.6"]
[White "Flom, Gabriel"]
[Black "Rechlis, Gad"]
[Result "1/2-1/2"]
[WhiteElo "2477"]
[BlackElo "2484"]
[PlyCount "68"]
[EventDate "2021.04.22"]
[EventType "team-tourn"]
[EventRounds "11"]
[EventCountry "ISR"]
[SourceTitle "EXT 2022"]
[Source "ChessBase"]
[SourceDate "2021.10.06"]
[SourceVersion "1"]
[SourceVersionDate "2021.10.06"]
[SourceQuality "1"]
[WhiteTeam "Petah Tikva Nearim"]
[BlackTeam "Petah Tikva Hapoel"]
[WhiteTeamCountry "ISR"]
[BlackTeamCountry "ISR"]

1. d4 Nf6 2. c4 g6 3. Nc3 Bg7 4. e4 d6 5. f3 0-0 6. Be3 c6 7. Qd2 a6 8. Bh6 e5 9. Bxg7 Kxg7 10. 0-0-0 Qa5 11. h4 h5 12. Nge2 b5 13. a3 b4 14. axb4 Qxb4 15. Ng3 Nbd7 16. dxe5 dxe5 17. Qd6 c5 18. Rd2 Rb8 19. Rc2 Qa5 20. Kb1 Re8 21. Qd2 Nf8 22. Nd5 Qxd2 23. Rxd2 Ne6 24. Bd3 Nd4 25. Ne2 Be6 26. Nxd4 exd4 27. Kc2 Rec8 28. Nxf6 Kxf6 29. Ra1 Rc6 30. Rdd1 Ke5 31. g3 Kd6 32. f4 Rcb6 33. Rdb1 Kc6 34. Ra5 Bc8 1/2-1/2

[Event "ISR-ch 40th"]
[Site "Jerusalem"]
[Date "2021.03.15"]
[Round "9"]
[White "Kochavi, Ori"]
[Black "Rechlis, Gad"]
[Result "1/2-1/2"]
[WhiteElo "2273"]
[BlackElo "2513"]
[PlyCount "95"]
[EventDate "2021.03.07"]
[EventType "swiss"]
[EventRounds "9"]
[EventCountry "ISR"]
[SourceTitle "CBM 201 Extra"]
[Source "ChessBase"]
[SourceDate "2021.05.31"]
[SourceVersion "1"]
[SourceVersionDate "2021.05.31"]
[SourceQuality "1"]

1. e4 c5 2. Nf3 Nc6 3. Bb5 e6 4. 0-0 Nge7 5. d4 cxd4 6. Nxd4 Nxd4 7. Qxd4 a6 8. Be2 Nc6 9. Qe3 Be7 10. c4 0-0 11. Nc3 d6 12. Rd1 e5 13. Bd3 Bg4 14. f3 Be6 15. b3 Rc8 16. Nd5 Bxd5 17. exd5 Nd4 18. Bb2 Bg5 19. Qf2 Qf6 20. Rf1 Qh6 21. Bxd4 exd4 22. f4 Bd8 23. Rae1 Ba5 24. Re7 Bc3 25. Qe2 Qf6 26. Rf3 Rfd8 27. Rh3 h6 28. Rh5 Kf8 29. Rxf7+ Qxf7 30. Rf5 Rc7 31. Qg4 Bb4 32. h4 Rdd7 33. Qg6 Qxf5 34. Bxf5 Rf7 35. Qh7 Rf6 36. Qh8+ Kf7 37. Be6+ Rxe6 38. dxe6+ Kxe6 39. Qg8+ Rf7 40. Qc8+ Rd7 41. f5+ Ke7 42. Kf2 d3 43. g4 Bc3 44. Ke3 d2 45. Ke2 Rd8 46. Qc7+ Rd7 47. Qc8 Rd8 48. Qc7+ 1/2-1/2

[Event "ISR-ch 40th"]
[Site "Jerusalem"]
[Date "2021.03.14"]
[Round "8"]
[White "Smirin, Ilia"]
[Black "Rechlis, Gad"]
[Result "1-0"]
[WhiteElo "2614"]
[BlackElo "2513"]
[PlyCount "55"]
[EventDate "2021.03.07"]
[EventType "swiss"]
[EventRounds "9"]
[EventCountry "ISR"]
[SourceTitle "CBM 201 Extra"]
[Source "ChessBase"]
[SourceDate "2021.05.31"]
[SourceVersion "1"]
[SourceVersionDate "2021.05.31"]
[SourceQuality "1"]

1. e4 c5 2. Nf3 d6 3. d4 cxd4 4. Nxd4 Nf6 5. Nc3 Nc6 6. Bg5 e6 7. Qd2 a6 8. 0-0-0 Bd7 9. f3 Be7 10. Kb1 Qc7 11. g4 Nxd4 12. Qxd4 b5 13. Be3 0-0 14. g5 Nh5 15. Qd2 Rfd8 16. Bh3 g6 17. Bg4 Ng7 18. h4 b4 19. Ne2 d5 20. e5 d4 21. Nxd4 Qxe5 22. h5 Qc7 23. hxg6 fxg6 24. Bf4 e5 25. Qh2 exf4 26. Qxh7+ Kf7 27. Ne6 Qe5 28. Rde1 1-0

[Event "ISR-ch 40th"]
[Site "Jerusalem"]
[Date "2021.03.11"]
[Round "5"]
[White "Rechlis, Gad"]
[Black "Birnboim, Nathan"]
[Result "0-1"]
[WhiteElo "2513"]
[BlackElo "2381"]
[PlyCount "84"]
[EventDate "2021.03.07"]
[EventType "swiss"]
[EventRounds "9"]
[EventCountry "ISR"]
[SourceTitle "CBM 201 Extra"]
[Source "ChessBase"]
[SourceDate "2021.05.31"]
[SourceVersion "1"]
[SourceVersionDate "2021.05.31"]
[SourceQuality "1"]

1. Nf3 Nf6 2. g3 d5 3. Bg2 e6 4. 0-0 Be7 5. d3 b6 6. e4 dxe4 7. dxe4 Qxd1 8. Rxd1 Bb7 9. Nc3 Nxe4 10. Ne5 Nc5 11. Nb5 Nba6 12. Nc6 Bf6 13. c3 e5 14. b4 e4 15. Nbd4 Na4 16. Re1 Nxc3 17. Bd2 0-0 18. a3 Nb5 19. Bxe4 Nxd4 20. Ne7+ Bxe7 21. Bxb7 Bf6 22. Rac1 Rad8 23. Bxa6 Nf3+ 24. Kg2 Nxe1+ 25. Bxe1 Rfe8 26. Kf1 Re7 27. a4 Bd4 28. b5 Bc5 29. Bb7 Rd4 30. a5 Bb4 31. Bxb4 Rxb4 32. Rd1 g6 33. a6 Rxb5 34. Rd8+ Kg7 35. Ra8 Ra5 36. Rxa7 c5 37. Ra8 Ra1+ 38. Kg2 Rc7 39. Rd8 c4 40. Rd2 c3 41. Rc2 b5 42. Kf3 b4 0-1

[Event "ISR-ch 40th"]
[Site "Jerusalem"]
[Date "2021.03.10"]
[Round "4"]
[White "Parnes, Nadav"]
[Black "Rechlis, Gad"]
[Result "0-1"]
[WhiteElo "2273"]
[BlackElo "2513"]
[PlyCount "88"]
[EventDate "2021.03.07"]
[EventType "swiss"]
[EventRounds "9"]
[EventCountry "ISR"]
[SourceTitle "CBM 201 Extra"]
[Source "ChessBase"]
[SourceDate "2021.05.31"]
[SourceVersion "1"]
[SourceVersionDate "2021.05.31"]
[SourceQuality "1"]

1. Nf3 d6 2. g3 e5 3. d3 g6 4. Bg2 Bg7 5. 0-0 Ne7 6. Bd2 f5 7. Qc1 h6 8. e4 g5 9. exf5 Nxf5 10. Nc3 Nc6 11. Nd5 0-0 12. c3 Be6 13. Ne1 Qd7 14. Nc2 Rae8 15. Qd1 Nd8 16. c4 Nd4 17. Nc3 N8c6 18. Nxd4 exd4 19. Ne4 Ne5 20. f4 gxf4 21. Bxf4 Ng4 22. Qd2 b5 23. cxb5 Qxb5 24. Bf3 Ne3 25. Rfc1 Qb6 26. b4 Kh8 27. a4 Re7 28. b5 Bd5 29. Rab1 Ref7 30. Bh5 Rf5 31. Bg6 Rxf4 32. gxf4 Rxf4 33. Ng3 Be5 34. Be4 Bxe4 35. dxe4 Qb8 36. Rb3 Qg8 37. Rxe3 dxe3 38. Qxe3 Qg7 39. Kh1 Rh4 40. Kg2 Bf4 41. Qc3 Be5 42. Qf3 Bxg3 43. hxg3 Qb2+ 44. Qf2 Rh2+ 0-1

[Event "ISR-ch 40th"]
[Site "Jerusalem"]
[Date "2021.03.08"]
[Round "2"]
[White "Tzidkiya, Yeshaayahu"]
[Black "Rechlis, Gad"]
[Result "1-0"]
[WhiteElo "2380"]
[BlackElo "2513"]
[PlyCount "115"]
[EventDate "2021.03.07"]
[EventType "swiss"]
[EventRounds "9"]
[EventCountry "ISR"]
[SourceTitle "CBM 201 Extra"]
[Source "ChessBase"]
[SourceDate "2021.05.31"]
[SourceVersion "1"]
[SourceVersionDate "2021.05.31"]
[SourceQuality "1"]

1. e4 c5 2. Nf3 Nc6 3. Nc3 e6 4. d4 cxd4 5. Nxd4 Qc7 6. g4 a6 7. h4 b5 8. Nxc6 Qxc6 9. Bg2 Bb7 10. 0-0 Bc5 11. Re1 Ne7 12. h5 0-0 13. h6 f5 14. Be3 d6 15. gxf5 Nxf5 16. Qg4 Bxe3 17. Rxe3 Nxh6 18. Qxe6+ Kh8 19. a3 Rf6 20. Qh3 Qc5 21. Rf1 Raf8 22. b4 Qe5 23. Nd5 Bxd5 24. exd5 Qd4 25. Rd3 Qb2 26. Rc3 Ng4 27. Rf3 Rxf3 28. Bxf3 Nh6 29. Be4 Qe5 30. Qe6 Qg5+ 31. Bg2 Nf5 32. f4 Qg4 33. Rf3 h6 34. Rf2 Rf6 35. Qe8+ Kh7 36. Qe2 Qh4 37. Qe4 Qg4 38. Qe2 Qg6 39. Qe4 Kh8 40. c4 bxc4 41. Qxc4 Nh4 42. Qxa6 Qb1+ 43. Kh2 Qc1 44. Qe2 Rg6 45. f5 Rf6 46. Qg4 g5 47. Qd4 Kg7 48. b5 Qxa3 49. b6 Qc5 50. Qxc5 dxc5 51. b7 Rf8 52. f6+ Kf7 53. Bh3 Rb8 54. Be6+ Kf8 55. Bc8 Ng6 56. Ra2 Ne5 57. Ra8 Rxb7 58. Be6+ 1-0

[Event "ISR-chT"]
[Site "Israel"]
[Date "2020.02.14"]
[Round "7.5"]
[White "Bakalchuk, Johnatan"]
[Black "Rechlis, Gad"]
[Result "0-1"]
[WhiteElo "2443"]
[BlackElo "2498"]
[PlyCount "80"]
[EventDate "2020.01.10"]
[EventType "team-tourn"]
[EventRounds "11"]
[EventCountry "ISR"]
[SourceTitle "CBM 194 Extra"]
[Source "ChessBase"]
[SourceDate "2020.03.31"]
[SourceVersion "1"]
[SourceVersionDate "2020.03.31"]
[SourceQuality "1"]
[WhiteTeam "Herzliya"]
[BlackTeam "Petah Tikva Hapoel"]
[WhiteTeamCountry "ISR"]
[BlackTeamCountry "ISR"]

1. c4 g6 2. Nf3 Bg7 3. g3 c5 4. Bg2 Nc6 5. 0-0 Nh6 6. Nc3 Nf5 7. b3 0-0 8. Bb2 e6 9. Qc1 d5 10. Na4 b6 11. Bxg7 Kxg7 12. d3 Bb7 13. Qb2+ Qf6 14. Qxf6+ Kxf6 15. g4 Nfe7 16. a3 Rad8 17. Nc3 dxc4 18. bxc4 h6 19. h4 Kg7 20. Kh2 f6 21. Ne4 f5 22. gxf5 gxf5 23. Ng3 Ng6 24. Nh5+ Kf7 25. Rg1 Rg8 26. Raf1 Ba8 27. Kh3 Nd4 28. Nxd4 Rxd4 29. f4 e5 30. Bxa8 Rxa8 31. Ng3 Rxf4 32. Nxf5 Rxf1 33. Rxf1 Nf4+ 34. Kg4 h5+ 35. Kf3 Ke6 36. Ke4 Rg8 37. d4 Rg4 38. Ne3 Rxh4 39. dxe5 Nd5+ 40. Kf3 Rh3+ 0-1

[Event "ISR-chT"]
[Site "Israel"]
[Date "2020.01.17"]
[Round "3.5"]
[White "Zubov, Alexander"]
[Black "Rechlis, Gad"]
[Result "0-1"]
[WhiteElo "2601"]
[BlackElo "2498"]
[PlyCount "98"]
[EventDate "2020.01.10"]
[EventType "team-tourn"]
[EventRounds "11"]
[EventCountry "ISR"]
[SourceTitle "CBM 194 Extra"]
[Source "ChessBase"]
[SourceDate "2020.03.31"]
[SourceVersion "1"]
[SourceVersionDate "2020.03.31"]
[SourceQuality "1"]
[WhiteTeam "Petah Tikva Elitzur Dov"]
[BlackTeam "Petah Tikva Hapoel"]
[WhiteTeamCountry "ISR"]
[BlackTeamCountry "ISR"]

1. d4 Nf6 2. g3 c5 3. d5 b5 4. c4 Bb7 5. Bg2 bxc4 6. Na3 g6 7. Nxc4 Bg7 8. e4 0-0 9. Ne2 Ba6 10. Qc2 d6 11. 0-0 Nbd7 12. Rb1 Nb6 13. Ne3 Nfd7 14. Rd1 Rb8 15. b3 Na4 16. Bf1 Bxe2 17. Bxe2 Nc3 18. Bb2 Nxd1 19. Rxd1 Bxb2 20. Qxb2 a5 21. a4 Rb4 22. Qc2 Qb8 23. Bb5 Rxb5 24. axb5 Qxb5 25. Kg2 Rb8 26. Rd3 Ra8 27. Nc4 a4 28. Re3 a3 29. Qa2 Qb4 30. h3 Nb6 31. Nd2 Qd4 32. Re2 Nd7 33. Nf3 Qc3 34. Ne1 Ne5 35. Re3 Qd4 36. Re2 h5 37. Nc2 Qc3 38. Ne1 h4 39. gxh4 Kg7 40. Re3 Qc1 41. Kg3 Rb8 42. Qc2 Qxc2 43. Nxc2 a2 44. Na1 c4 45. Rc3 Rb4 46. f4 cxb3 47. Rxb3 Rxb3+ 48. Nxb3 Nc4 49. Na1 f5 0-1

[Event "ISR-chT"]
[Site "Israel"]
[Date "2020.01.10"]
[Round "1.4"]
[White "Rechlis, Gad"]
[Black "Baron, Tal"]
[Result "1-0"]
[WhiteElo "2498"]
[BlackElo "2529"]
[PlyCount "75"]
[EventDate "2020.01.10"]
[EventType "team-tourn"]
[EventRounds "11"]
[EventCountry "ISR"]
[SourceTitle "CBM 194 Extra"]
[Source "ChessBase"]
[SourceDate "2020.03.31"]
[SourceVersion "1"]
[SourceVersionDate "2020.03.31"]
[SourceQuality "1"]
[WhiteTeam "Petah Tikva Hapoel"]
[BlackTeam "Rishon Le Zion Feldklein"]
[WhiteTeamCountry "ISR"]
[BlackTeamCountry "ISR"]

1. Nf3 Nf6 2. g3 c5 3. Bg2 Nc6 4. 0-0 e5 5. e4 d6 6. d3 g6 7. Nc3 Bg7 8. Nd2 a6 9. Nc4 b5 10. Ne3 b4 11. Ncd5 Nxd5 12. exd5 Ne7 13. Nc4 0-0 14. f4 Rb8 15. a3 b3 16. fxe5 dxe5 17. Be3 Nxd5 18. Bxc5 Ne7 19. cxb3 Bb7 20. b4 h5 21. Qe2 Bxg2 22. Qxg2 Qd7 23. Rae1 Rfe8 24. Nd6 Rf8 25. Qe4 Nc6 26. Qc4 a5 27. Ne4 Rfe8 28. Rf6 Re6 29. Rxe6 fxe6 30. b5 Nd4 31. Bxd4 exd4 32. Ng5 Rxb5 33. Rxe6 Kh8 34. Rd6 Qe7 35. Rd8+ Bf8 36. Qxd4+ Kg8 37. Qc4+ Kh8 38. Rxf8+ 1-0

[Event "Jerusalem Israel op"]
[Site "Jerusalem"]
[Date "2019.12.22"]
[Round "9"]
[White "Lahav, Michal"]
[Black "Rechlis, Gad"]
[Result "1-0"]
[WhiteElo "2244"]
[BlackElo "2490"]
[PlyCount "103"]
[EventDate "2019.12.12"]
[EventType "swiss"]
[EventRounds "9"]
[EventCountry "ISR"]
[SourceTitle "CBM 193 Extra"]
[Source "ChessBase"]
[SourceDate "2020.01.31"]
[SourceVersion "1"]
[SourceVersionDate "2020.01.31"]
[SourceQuality "1"]

1. d4 Nf6 2. Nf3 d6 3. g3 g6 4. Bg2 Bg7 5. 0-0 0-0 6. Nc3 Nbd7 7. d5 Nb6 8. Nd4 e5 9. dxe6 fxe6 10. Qd3 e5 11. Nf3 Qe8 12. e4 d5 13. Re1 d4 14. Nb5 Qe7 15. c3 c6 16. Na3 c5 17. cxd4 cxd4 18. Bd2 Ne8 19. Nc2 Qf6 20. Kh1 Bg4 21. Ng1 Qxf2 22. Rf1 Nd6 23. Rxf2 Rxf2 24. h3 Bd7 25. Na3 Bc6 26. Re1 Na4 27. b4 b5 28. Nf3 Nb2 29. Qb3+ Nbc4 30. Kg1 Rxg2+ 31. Kxg2 Kh8 32. Bc1 Rc8 33. Nxc4 bxc4 34. Qa3 c3 35. b5 Nxb5 36. Qe7 d3 37. Qe6 Bb7 38. Nxe5 h6 39. Nxd3 Nd4 40. Qxg6 Rc6 41. Qe8+ Kh7 42. Qd7 Bc8 43. Qxa7 Ra6 44. Qc7 Rxa2+ 45. Nf2 Bxh3+ 46. Kxh3 Rxf2 47. Be3 Ne6 48. Qxg7+ Kxg7 49. Bxf2 Kf6 50. Rc1 Ng5+ 51. Kg2 Nxe4 52. Bd4+ 1-0

[Event "Netanya op"]
[Site "Netanya"]
[Date "2019.06.25"]
[Round "3"]
[White "Yaniv, Yuval"]
[Black "Rechlis, Gad"]
[Result "0-1"]
[WhiteElo "2120"]
[BlackElo "2506"]
[PlyCount "72"]
[EventDate "2019.06.23"]
[EventType "swiss"]
[EventRounds "9"]
[EventCountry "ISR"]
[SourceTitle "CBM 191 Extra"]
[Source "ChessBase"]
[SourceDate "2019.09.30"]
[SourceVersion "1"]
[SourceVersionDate "2019.09.30"]
[SourceQuality "1"]

1. e4 c5 2. Nf3 d6 3. d4 cxd4 4. Nxd4 Nf6 5. Nc3 Nc6 6. Bg5 e6 7. Qd2 a6 8. 0-0-0 Bd7 9. f3 Be7 10. Kb1 Qa5 11. Nb3 Qc7 12. Bxf6 gxf6 13. f4 0-0-0 14. Be2 h5 15. Rhf1 Kb8 16. Rf3 Bc8 17. Rh3 h4 18. Qe1 f5 19. exf5 d5 20. Qf2 d4 21. Ne4 exf5 22. Ng5 Nb4 23. Bd3 Bf6 24. Rxh4 Rxh4 25. Qxh4 a5 26. Nc1 a4 27. a3 Nd5 28. Rf1 Rd6 29. Qh5 Rb6 30. Qxf7 Qc3 31. b3 axb3 32. Nxb3 Rxb3+ 33. Kc1 Qa1+ 34. Kd2 Rxd3+ 35. cxd3 Qb2+ 36. Ke1 Qc1+ 0-1

[Event "ISR-chT"]
[Site "Israel"]
[Date "2019.02.23"]
[Round "8.6"]
[White "Moiseenko, Alexander"]
[Black "Rechlis, Gad"]
[Result "1-0"]
[WhiteElo "2640"]
[BlackElo "2526"]
[PlyCount "61"]
[EventDate "2019.01.04"]
[EventType "team-tourn"]
[EventRounds "11"]
[EventCountry "ISR"]
[SourceTitle "CBM 189 Extra"]
[Source "ChessBase"]
[SourceDate "2019.06.03"]
[SourceVersion "1"]
[SourceVersionDate "2019.06.03"]
[SourceQuality "1"]
[WhiteTeam "Ashdod Elite"]
[BlackTeam "Petah Tikva Hapoel"]
[WhiteTeamCountry "ISR"]
[BlackTeamCountry "ISR"]

1. d4 Nf6 2. c4 e6 3. Nc3 Bb4 4. Nf3 b6 5. e3 Ne4 6. Qc2 Bb7 7. Bd3 f5 8. 0-0 Bxc3 9. bxc3 0-0 10. Nd2 Qh4 11. f3 Ng5 12. f4 Nh3+ 13. gxh3 Rf6 14. Nf3 Rg6+ 15. Kh1 Qxh3 16. Qf2 d6 17. Be2 Nd7 18. Rg1 Rg4 19. Rg3 Qh5 20. d5 exd5 21. cxd5 Bxd5 22. c4 Bb7 23. Kg1 Nf6 24. Bb2 Ne4 25. Rxg4 fxg4 26. Qh4 Qg6 27. f5 Qxf5 28. Nd4 Qe5 29. Qxg4 Ng5 30. Qg3 Qe4 31. Qxg5 1-0

[Event "ISR-chT"]
[Site "Israel"]
[Date "2019.02.22"]
[Round "7.6"]
[White "Rechlis, Gad"]
[Black "Dvoirys, Semen I"]
[Result "0-1"]
[WhiteElo "2526"]
[BlackElo "2523"]
[PlyCount "124"]
[EventDate "2019.01.04"]
[EventType "team-tourn"]
[EventRounds "11"]
[EventCountry "ISR"]
[SourceTitle "CBM 189 Extra"]
[Source "ChessBase"]
[SourceDate "2019.06.03"]
[SourceVersion "1"]
[SourceVersionDate "2019.06.03"]
[SourceQuality "1"]
[WhiteTeam "Petah Tikva Hapoel"]
[BlackTeam "Beer Sheva Yud Alef"]
[WhiteTeamCountry "ISR"]
[BlackTeamCountry "ISR"]

1. c4 e5 2. g3 Nc6 3. Bg2 g6 4. Nc3 Bg7 5. e3 f5 6. d3 Nf6 7. Nge2 0-0 8. Rb1 Ne7 9. 0-0 g5 10. f4 exf4 11. exf4 g4 12. Be3 d6 13. Re1 Ng6 14. Bf2 h5 15. Nd4 h4 16. Ne6 Bxe6 17. Rxe6 Qd7 18. Qe2 c6 19. Re1 Rfe8 20. a4 Kf7 21. Rxe8 Rxe8 22. Qd2 Rxe1+ 23. Qxe1 a6 24. a5 h3 25. Bh1 Qe6 26. Qd1 Nd7 27. Na4 Ne7 28. Kf1 d5 29. Qb3 dxc4 30. dxc4 Nc8 31. Qd3 Nd6 32. b3 Ke8 33. Bd4 Bxd4 34. Qxd4 Kd8 35. Kf2 Kc7 36. Qg7 Kd8 37. Qh8+ Kc7 38. Qd4 Kd8 39. Nc3 Kc7 40. Na4 Qe7 41. Nb6 Nf7 42. b4 Qe6 43. Na8+ Kc8 44. Nb6+ Nxb6 45. axb6 Nd6 46. Qg7 Qd7 47. Qd4 Ne4+ 48. Ke3 Qxd4+ 49. Kxd4 Nf2 50. Bxc6 bxc6 51. Ke5 Nd3+ 52. Kxf5 Nxb4 53. Ke4 a5 54. Kd4 a4 55. Kc3 c5 56. Kb2 Nd3+ 57. Ka3 Kb7 58. f5 Kxb6 59. f6 Ne5 60. Kxa4 Ka6 61. Kb3 Ka5 62. Kc3 Ka4 0-1

[Event "ISR-chT"]
[Site "Israel"]
[Date "2019.02.15"]
[Round "5.1"]
[White "Rodshtein, Maxim"]
[Black "Rechlis, Gad"]
[Result "1-0"]
[WhiteElo "2668"]
[BlackElo "2526"]
[PlyCount "81"]
[EventDate "2019.01.04"]
[EventType "team-tourn"]
[EventRounds "11"]
[EventCountry "ISR"]
[SourceTitle "CBM 188 Extra"]
[Source "ChessBase"]
[SourceDate "2019.02.26"]
[SourceVersion "1"]
[SourceVersionDate "2019.02.26"]
[SourceQuality "1"]
[WhiteTeam "Beer Sheva Alef Levant"]
[BlackTeam "Petah Tikva Hapoel"]
[WhiteTeamCountry "ISR"]
[BlackTeamCountry "ISR"]

1. d4 Nf6 2. c4 e6 3. Nf3 c5 4. d5 exd5 5. cxd5 d6 6. Nc3 g6 7. Nd2 Nbd7 8. e4 Bg7 9. Be2 0-0 10. 0-0 Re8 11. a4 Ne5 12. Ra3 a6 13. a5 Rb8 14. Qc2 Qe7 15. h3 g5 16. Na4 g4 17. hxg4 Bxg4 18. Re1 Ng6 19. Nb6 h5 20. f3 Nd7 21. Nf1 Nxb6 22. fxg4 Nd7 23. gxh5 Bd4+ 24. Be3 Nf4 25. Bxd4 cxd4 26. Rg3+ Kf8 27. Bd1 Ne5 28. Qd2 Qf6 29. Rb3 Ke7 30. Ng3 Qg5 31. Qxd4 Kd7 32. Rc3 Rg8 33. Ree3 Ke8 34. Qb6 Rd8 35. Qxb7 Ng4 36. Rf3 Ne5 37. Rfe3 Ng4 38. Bxg4 Qxg4 39. Qxa6 Nxh5 40. Qe2 Nf6 41. Nf5 1-0

[Event "Wch Blitz"]
[Site "St Petersburg"]
[Date "2018.12.30"]
[Round "20"]
[White "Rechlis, Gad"]
[Black "Gutenev, Alexander"]
[Result "0-1"]
[WhiteElo "2521"]
[BlackElo "2456"]
[PlyCount "69"]
[EventDate "2018.12.29"]
[EventType "swiss (blitz)"]
[EventRounds "21"]
[EventCountry "RUS"]
[SourceTitle "CBM 187 Extra"]
[Source "ChessBase"]
[SourceDate "2018.11.04"]
[SourceVersion "1"]
[SourceVersionDate "2018.11.04"]
[SourceQuality "1"]

1. e4 c5 2. Nc3 Nc6 3. Nf3 d6 4. d4 cxd4 5. Nxd4 Nf6 6. Bg5 e6 7. Qd2 Be7 8. 0-0-0 0-0 9. f4 Nxd4 10. Qxd4 Qa5 11. Bc4 Rd8 12. e5 dxe5 13. Qxe5 Qb4 14. Rxd8+ Bxd8 15. Rd1 Bd7 16. Rd4 Qb6 17. f5 Bc7 18. Qe3 e5 19. Bxf6 Qxd4 20. Qxd4 exd4 21. Bxd4 Bxf5 22. Nd5 Bd6 23. b3 a6 24. g3 b5 25. Be2 Rc8 26. c3 Re8 27. Kd2 f6 28. a4 bxa4 29. bxa4 a5 30. Bb5 Ra8 31. c4 Be6 32. Nb6 Rd8 33. Ke3 Bc7 34. c5 Kf7 35. Nc4 0-1

[Event "Wch Blitz"]
[Site "St Petersburg"]
[Date "2018.12.29"]
[Round "10"]
[White "Jumabayev, Rinat"]
[Black "Rechlis, Gad"]
[Result "1-0"]
[WhiteElo "2602"]
[BlackElo "2521"]
[PlyCount "63"]
[EventDate "2018.12.29"]
[EventType "swiss (blitz)"]
[EventRounds "21"]
[EventCountry "RUS"]
[SourceTitle "CBM 187 Extra"]
[Source "ChessBase"]
[SourceDate "2018.11.04"]
[SourceVersion "1"]
[SourceVersionDate "2018.11.04"]
[SourceQuality "1"]

1. e4 c5 2. Nf3 d6 3. Nc3 Nf6 4. e5 dxe5 5. Nxe5 Nbd7 6. Bb5 e6 7. d4 Bd6 8. Nc4 Be7 9. dxc5 0-0 10. c6 bxc6 11. Bxc6 Ba6 12. Bxa8 Qxa8 13. Ne3 Rd8 14. Qd4 Bc5 15. Qa4 Qb7 16. Qb3 Nb6 17. Ne2 Bxe3 18. Qxe3 Qxg2 19. Rg1 Qd5 20. Nc3 Qd6 21. Qg3 Qf8 22. Bg5 Nh5 23. Qh4 f6 24. Bd2 Nc4 25. 0-0-0 Qb4 26. Na4 Qxa4 27. Bc3 Rxd1+ 28. Rxd1 Qe8 29. Qd4 e5 30. Qxa7 Bb5 31. Qc7 Qf8 32. Rd8 1-0

[Event "Wch Blitz"]
[Site "St Petersburg"]
[Date "2018.12.29"]
[Round "8"]
[White "Rechlis, Gad"]
[Black "Grigoriants, Sergey"]
[Result "1-0"]
[WhiteElo "2521"]
[BlackElo "2540"]
[PlyCount "73"]
[EventDate "2018.12.29"]
[EventType "swiss (blitz)"]
[EventRounds "21"]
[EventCountry "RUS"]
[SourceTitle "CBM 187 Extra"]
[Source "ChessBase"]
[SourceDate "2018.11.04"]
[SourceVersion "1"]
[SourceVersionDate "2018.11.04"]
[SourceQuality "1"]

1. e4 c5 2. Nc3 Nc6 3. Nf3 e6 4. d4 cxd4 5. Nxd4 d6 6. g3 Nf6 7. Bg2 Bd7 8. 0-0 a6 9. Be3 Be7 10. f4 0-0 11. Qe2 Nxd4 12. Bxd4 Bc6 13. g4 Nd7 14. Rad1 Rc8 15. Kh1 b5 16. a3 Re8 17. g5 Qc7 18. Qh5 g6 19. Qh4 Bf8 20. Rd3 e5 21. fxe5 Nxe5 22. Rh3 h6 23. gxh6 Kh7 24. Bxe5 Rxe5 25. Rhf3 f5 26. exf5 Bxf3 27. fxg6+ Kxg6 28. Bxf3 Qc4 29. Be4+ Rxe4 30. Rg1+ Kf5 31. Rg5+ Ke6 32. Rg6+ Kd7 33. Qxe4 Qf7 34. h7 Be7 35. Qg4+ Kc7 36. Qxc8+ Kxc8 37. h8Q+ 1-0